000 00968cam a22002774a 4500
001 12230326
003 ARRUPE
005 20150416150454.0
008 001114s2001 nyu b 001 0 eng
010 _a 00066479
020 _a0375501290 (alk. paper)
040 _aDLC
_cDLC
_dDLC
042 _apcc
050 0 0 _aQK46.5.H85
_bP66 2001
082 0 0 _a306.4/5
_221
100 1 _aPollan, Michael.
_916198
245 1 4 _aThe botany of desire :
_ba plant's eye view of the world /
_cMichael Pollan.
250 _a1st ed.
260 _aNew York :
_bRandom House,
_cc2001.
300 _axxv, 271 p. ;
_c25 cm.
504 _aIncludes bibliographical references (p. [247]-256) and index.
650 0 _aHuman-plant relationships.
_916199
906 _a7
_bcbc
_corignew
_d1
_eocip
_f20
_gy-gencatlg
942 _2lcc
_cMONOGRAPH
999 _c122402
_d122402